Every 100,000+ City in Libya in Order - Statistics

General Stats
  • This quiz has been taken 16 times
    5 since last reset
  • The average score is 7 of 19
Answer Stats
Letter Population City % Correct
B 1,227,186 Benghazi
100%
M 921,865 Misrata
100%
T 2,296,085 Tripoli
100%
T 403,575 Tobruk
80%
S 161,348 Sirte
60%
D 113,805 Derna
40%
A 371,191 Ajdabiya
20%
A-B 433,656 Al Bayda
20%
A-M 149,219 Al Marj
20%
G 226,946 Garyan
20%
J 270,040 Janzur
20%
K 219,855 Khoms
20%
S 242,177 Sabhā
20%
S 133,560 Sabratha
20%
S 106,442 Surman
20%
T 391,412 Tajoura
20%
Z 302,193 Zāwīyah
20%
Z 324,990 Zliten
20%
Z 117,740 Zuwara
20%
No matching quizzes found
Score Distribution
Percent of People with Each Score
Percentile by Number Answered
Your Score History
You have not taken this quiz since the last reset